| 000 | 00594nam a2200193Ia 4500 | ||
|---|---|---|---|
| 003 | LDD | ||
| 008 | 190117s9999 xx 000 0 und d | ||
| 020 |
_a9789382114406 _c₹180 |
||
| 040 | _cLDD | ||
| 041 | _ahi | ||
| 082 | _a8H3.7 यी-जं | ||
| 100 | _aयी, चांग तइन | ||
| 245 | 0 |
_aजंगली-मंगली _cचांग तइन यी |
|
| 260 |
_aनयी दिल्ली _bकिताबघर _c2013 |
||
| 300 | _a123 | ||
| 901 | _aKGP | ||
| 904 | _aReqst by : Satykam | ||
| 942 |
_2ddc _cH |
||
| 999 |
_c167872 _d167872 |
||